• 首页
  • 本馆介绍
  • 公告通知
  • 最新文献
  • 馆藏检索
  • 电子资源
  • 读者导购
  • 参考咨询
  • 我的图书馆
  • 登录
  • 详细信息显示
  • 放入我的书架
  • 预约/预借图书
  • 作者相关作品
  • 分类相关作品
  • 丛书相关作品
  • 出版社相关作品

书目信息

  • 表格格式
  • 工作单格式
  • 卡片格式
题名:
宏观经济运行与管理
    
 
作者: 李兴山 主编
分册:  
出版信息: 北京   中共中央党校函授学院  1996
页数: 359页
开本: 20cm
丛书名:
单 册:
中图分类: F123.16
科图分类:
主题词: 宏观经济--经济管理--中国
电子资源:
ISBN: 7-5035-1296-2
000 00728nam0 2200217 45
005 20070804135651.96
010    @a7-5035-1296-2@dCNY15.00
100    @a20051101e1996 ekmy0chiy0120 ea
101 0  @achi
102    @aCN
102    @aCN@b110000
105    @ay z 000yy
200 1  @a宏观经济运行与管理@AHong Guan Jing Ji Yun Xing Yu Guan Li@f李兴山主编@FLi Xing Shan Zhu Bian
210    @a北京@c中共中央党校函授学院@d1996
215    @a359页@d20cm
330    @a本书内容包括宏观经济运行、宏观经济管理、宏观经济政策、国外宏观经济管理模式与经验借鉴四篇。
606 0  @a宏观经济@x经济管理@y中国
690    @aF123.16@v4
701  0 @a李兴山@ALi Xing Shan@4主编
801  0 @aCN@bFYSX@c20070804
905    @a10447@dF123.16@e172≈2
    
    宏观经济运行与管理/李兴山主编.-北京:中共中央党校函授学院,1996
    359页;20cm
    
    
    ISBN 7-5035-1296-2:CNY15.00
    本书内容包括宏观经济运行、宏观经济管理、宏观经济政策、国外宏观经济管理模式与经验借鉴四篇。
●
相关链接 在E读中查询图书 在五车中查询图书 在当当中查询图书 在豆瓣中查询图书


正题名:宏观经济运行与管理     索取号:F123.16/172≈2         预约/预借

序号 登录号 条形码 馆藏地/架位号 状态 备注
1 0783086   207830864   第一样本阅览室/ [索取号:F123.16/172≈2] 在馆    
唐山师范学院图书馆 欢迎您!
大连网信软件有限公司© 版权所有